|
|
|
|
| LEADER |
00000nab a2200000 a 4500 |
| 001 |
vtls000585138 |
| 003 |
SK-MaSNL |
| 005 |
20260304051404.0 |
| 008 |
120930c1996 xo 0 slo |
| 015 |
|
|
|a SNBRB19rr/mm-uuuuu
|
| 035 |
|
|
|a CL0585277
|
| 040 |
|
|
|a SNKBUCL
|b slo
|c SNKBUCL
|e AACR2
|
| 041 |
0 |
|
|a slo
|
| 044 |
|
|
|a xo
|c SK
|
| 080 |
|
|
|a 323(560):328.1(560)
|2 1981
|
| 080 |
|
|
|a 328.1(560)
|2 1981
|
| 100 |
1 |
|
|a Polakovič, Alexander
|4 aut
|9 272819
|
| 245 |
1 |
0 |
|a "Rozvod po turecky" vyvoláva špekulácie o zložení budúcej vlády
|c Alexander Polakovič
|
| 650 |
0 |
7 |
|a vnútorná politika
|2 snkbucl
|9 970
|
| 650 |
0 |
7 |
|a vláda Turecka
|2 snkbucl
|9 1326135
|
| 651 |
|
7 |
|a Turecko
|2 snkbucl
|9 16927
|
| 655 |
|
7 |
|a články z novín a časopisov
|2 snkbucl
|9 267496
|
| 773 |
0 |
|
|t Národná obroda
|g Roč. 7, č. 124 (29. 5. 1996), s. 7
|
| 850 |
|
|
|a Slovenská národná knižnica v Martine
|a MTA001
|
| 852 |
|
|
|a SNK
|b KIS3GCP
|
| 958 |
|
|
|a RK
|
| 992 |
|
|
|a RBX
|
| 999 |
|
|
|c 2703313
|d 2705243
|